Úspešné projekty miest a obcí - modernizácia verejného osvetlenia v meste Turčianske Teplice

Mesto Turčianske Teplice bolo úspešné v ďalšom zo svojich projektov v čerpaní eurofondov, a to na modernizáciu verejného osvetlenia. Cieľom projektu bolo zefektívnenie prevádzky, energetická úspora a zlepšenie technického stavu verejného osvetlenia v meste.

Gespeichert in:
Bibliographische Detailangaben
1. Verfasser: Brindzová, Zuzana
Format: Buchkapitel
Sprache:Slowakisch
Schlagworte:
Tags: Tag hinzufügen
Keine Tags, Fügen Sie das erste Tag hinzu!

MARC

LEADER 00000nla a2200000 4500
001 0204508
005 20240502073421.0
041 0 |a slo 
044 |a SK 
245 1 0 |a Úspešné projekty miest a obcí - modernizácia verejného osvetlenia v meste Turčianske Teplice  |c Zuzana Brindzová 
520 |a Mesto Turčianske Teplice bolo úspešné v ďalšom zo svojich projektov v čerpaní eurofondov, a to na modernizáciu verejného osvetlenia. Cieľom projektu bolo zefektívnenie prevádzky, energetická úspora a zlepšenie technického stavu verejného osvetlenia v meste. 
610 2 0 |a mestá 
610 2 0 |a obce 
610 2 0 |a rozvoj regionálny 
610 2 0 |a financie verejné 
610 2 0 |a modernizácia 
610 2 0 |a projekty 
610 2 0 |a programy operačné 
610 2 0 |a fondy Európskej únie 
100 1 |a Brindzová, Zuzana